00533nam a2200157Ia 4500008004100000082001100041100004700052245005300099250000600152260000900158300000800167600004700175630005300222700004700275730005300322090124s9999 xx 000 0 und d b115457 aधुरी विरेंद्र ह. a सागरा ! तुझ्या आड ... a1 c1974 a142 aधुरी विरेंद्र ह. a सागरा ! तुझ्या आड ... aधुरी विरेंद्र ह. a सागरा ! तुझ्या आड ...